000
00334nam a2200145Ia 4500
005
20251222153616.0
008
251222s9999||||xx |||||||||||||| ||spa||
020
_a
847050858X
082
_a
340/S45
100
_a
Sevilla,Bujalanche, Juan Luis
245
0
_a
La Persona:
250
_a
1ra.ed.
264
_b
EDICEP C.B.
942
_c
LIB
999
_c
31812
_d
31812